000 01016nam a2200277Ia 4500
003 OSt
005 20221005110919.0
006 a|||||r|||| 00| 0
007 ta
008 221004b |||||||| |||| 00| 0 hin d
020 _a9788126707829 (hbk)
_c175
024 _a10973
037 _b8178, 20/03/2014, Rajkamal Prakashan Pvt. Ltd.
_cTextual
040 _aCRL
_cCRL
_bhin
041 _2hin
_ahin
082 _aO152,3N25,SA, L2;Q1
100 _aसोबती, कृष्णा
245 0 _aसूरजमुखी अॅंधेरे के
246 _aSūrajamukhī aॅandhere ke
250 _a6 संस्करण
260 _aनई दिल्ली
_bराजकमल प्रकाशन भारत
_c2011
300 _a141पृ0
_ccm.
650 _aहिन्दी साहित्य
942 _hO152,3N25,SA, L2;Q1
_cTEXL
_2cc
999 _c1020260
_d1020260